01142agaaa2200241 45000010005000000030009000050050017000140070009000310080040000400400023000800410013001031000046001161300094001622450251002562500022005072600126005293000033006555200053006885380016007415460013007576500072007707000058008423999IT-RoPAU20220918181308.0d cvaizq50131s9999||||xx ||| | || ||und|| aIT-RoPAUcIT-RoPAU aITALIANO aMonge AttiliogCodice regista SPICS: 3643 aSANTA MESSA CELEBRATA DA SUA SANTITA' GIOVANNI PAOLO II-BASILICA DI SAN PIETRO 25.12.1991 aSANTA MESSA CELEBRATA DA SUA SANTITA' GIOVANNI PAOLO II-BASILICA DI SAN PIETRO 25.12.1991cDiretto da: Monge AttiliopSANTA MESSA CELEBRATA DA SUA SANTITA' GIOVANNI PAOLO II-BASILICA DI SAN PIETRO 25.12.1991 (Rif. Codice opera principale : A3999) aEdizione Standard aROMA (ITALIA)bRAI - RADIO TELEVISIONE ITALIANA / Distribuzione: RAI UNOg"1991 (1° ed.: 1991 ; Ed. Lingua Orig.: 1991)" aVHSbsonoro, col.c60 minuti a* MESSAGGIO NATALIZIO E BENEDIZIONE URBI ET ORBI aPAL, STEREO aITALIANO aRELIGIOSOeTV-PROGRAMMI RELIGIOSI [VHS]xCodice MATERIA SPICS: 9963 aMonge Attilio e(regista)gCodice regista SPICS: 3643